000 nam a22 7a 4500
999 _c9322
_d9322
008 180127b ||||| |||| 00| 0 eng d
100 _aNCERT
_95577
245 _aHoney Suckle-VI
260 _aNew Delhi
_bNCERT
_c2006